| 000 | 01247nab a22002297a 4500 | ||
|---|---|---|---|
| 999 |
_c5751 _d5751 |
||
| 003 | OSt | ||
| 005 | 20260101213616.0 | ||
| 008 | 190514b xxu||||| |||| 00| 0 spa d | ||
| 040 | _cPJ | ||
| 100 |
_94341 _aMignon, María Belén |
||
| 245 | 1 | 3 |
_aLa pluriparentalidad : _buna solución cada vez más frecuente en el contexto de la filiación biológica / _cMaría Belén Mignon. |
| 300 | _ap. 213-217 | ||
| 500 | _aCita: TR LALEY AR/DOC/461/2025. | ||
| 505 | _aSumario: I. Introducción.— II. El caso. Plataforma fáctica.— III. La sentencia. El reconocimiento de la socioafectividad.— IV. La pluriparentalidad.— V. El derecho a la identidad y su respeto en correspondencia con el emplazamiento filial.— VI. Palabras de cierre. | ||
| 505 | _tFallo comentado: Juz. de Flia. de Osorno ~ 26/08/2024 ~ J. c. F. Y M. representado por su madre X. s/ impugnación de filiación matrimonial. | ||
| 650 | 0 |
_9967 _aDERECHO DE FAMILIA |
|
| 650 | 0 |
_91015 _aRESPONSABILIDAD PARENTAL |
|
| 650 | 0 |
_91004 _aFILIACION |
|
| 650 | 0 |
_91057 _aJURISPRUDENCIA APLICABLE |
|
| 773 | 0 |
_02844 _93222 _dBuenos Aires : AbeledoPerrot, 1989- _tDerecho de familia. Revista Interdisciplinaria de doctrina y jurisprudencia. Abril 2025-II. _z18511201 |
|
| 942 |
_2udc _cANA |
||